000 00440nam a2200181Ia 4500
003 OSt
005 20240206095845.0
008 210210b1932 xxu||||| |||| 00| 0 eng d
040 _cAL
041 _aSanskrit
082 _a881/52
100 _aKALIDASA
_9149680
245 _aRaghuvamsa cantos I - VI by Narayana and Arungairi
260 _aBombay
_b-
_c1932
690 _aSanskrit Poetry
_9149681
906 _a024223
942 _2ddc
_cBK
999 _c149621
_d149621